|
|
|
|
| LEADER |
00000cam a2200000 7i4500 |
| 001 |
0000001531 |
| 005 |
20040427.0 |
| 090 |
0 |
0 |
|a FAO634.907
|b FOR 1989
|
| 245 |
0 |
0 |
|a FORESTRY education in the Asia-Pacific region
|
| 260 |
0 |
0 |
|a Bangkok :
|b Regional Office for Asia and the Pacific ,
|c 1989
|
| 300 |
|
|
|a iii, 115 p. ;
|c 27 cm.
|
| 440 |
0 |
0 |
|a RAPA publication ; 1989/12
|
| 650 |
0 |
0 |
|a Forestry schools and education
|z Asia
|
| 650 |
0 |
0 |
|a Forests and forestry
|z Asia
|x Study and teaching
|
| 710 |
1 |
1 |
|a Food and Agriculture Organization of the United Nations (FAO)
|
| 998 |
|
|
|a JPSM
|
| 999 |
|
|
|a 0000002949
|b Monograph
|c Open Shelf
|e Default branch
|
| 999 |
|
|
|a 0000005934
|b Monograph
|c Open Shelf
|e Default branch
|